000 00293nam a22001337a 4500
008 170609b xxu||||| |||| 00| 0 eng d
020 _a9780521808835
041 _aeng
080 _a328
100 _a18
101 _aSHP
245 _aLIBERALISM DEMOCRACY
_cGHNA.S
942 _2udc
_cBK
999 _c16773
_d16773